| 000 -Etiqueta do registo | |
|---|---|
| campo de controlo de comprimento fixo | 006650000a22002050004500 |
| 001 - Identificador do registo | |
| Campo de controlo | 35616 |
| 010 ## - ISBN | |
| Número (ISBN) | 978-989-671-095-8 |
| 100 ## - Dados Gerais de Proc. | |
| Dados gerais de processamento | 20151104d2011 m y0pory5003 ba |
| 101 0# - Língua da publicação | |
| Língua do texto, banda sonora, etc. | Português |
| Língua do documento no original | Espanhol |
| 102 ## - País de Publicação | |
| País de publicação | Portugal |
| 200 1# - Título | |
| Título próprio | Viagem de autocarro |
| Primeira menção de responsabilidade | Josep Pla |
| Outras menções de responsabilidade | pref. e trad. Carlos Vaz Marques |
| 210 ## - Publicação, Distribuição | |
| Lugar da edição, distribuição, etc. | Lisboa |
| Nome do editor, distribuidor, etc. | Tinta-da-China |
| Data da publicação, distribuição, etc. | 2011 |
| 215 ## - Descrição física | |
| Descrição física | 277, [3] p |
| 304 ## - Título e responsabilidade | |
| Texto da nota | Tít. orig. : Viaje en autobús. |
| 675 ## - CDU | |
| Notação | 821.134.2-992"19" |
| Edição | BN |
| Língua da edição | Português |
| 700 #1 - Responsabilidade principal | |
| Koha Internal Code | 37131 |
| Palavra de ordem | Pla |
| Outra parte do nome | Josep |
| Datas | 1897-1981 |
| 702 #1 - Responsabilidade secundária | |
| Koha Internal Code | 29874 |
| Palavra de ordem | Marques |
| Outra parte do nome | Carlos Vaz |
| Datas | 1964- |
| Código de função | Tradutor |
| 090 ## - Números de controlo do sistema (Koha) | |
| Número biblioitem do Koha (gerado automaticamente) | 35616 |
| 942 ## - Elementos de entrada adicionados (Koha) | |
| Tipo de item no Koha | Monografias |
| Suprimido | Disponível no OPAC |
| 999 ## - Campo local | |
| Campo local | 35616 |
| Perdido (estado) | Data de aquisição | Origem do registo (biblioteca) (codificado) | Código da organização que empresta ou é detentora (biblioteca) | Código de barras | Cota | Data de empréstimo ou depósito | Tipo de circulação (não pode ser emprestado) | Tipo de item e material |
|---|---|---|---|---|---|---|---|---|
| Disponível | 2015-11-04 | Biblioteca Municipal Álvaro de Campos | Biblioteca Municipal Álvaro de Campos | BMTAV54960 | R7 PLA | 2019-07-01 | Normal | Monografias |